000 00933nam a22002897a 4500
001 BR8403486
003 BR-BrBNA
005 20230928091947.0
007 ta
008 230509b bl.||||| |||| 00| 0 por d
040 _aBR-BrBNA
_bpor
_cBiblioteca Nacional de Agricultura
041 _a(Por)
072 _aM00
_b/G514
090 _ M00 BR8403486
100 1 _aPereira, A.F.D.
100 1 _aProenca, C.E.M. de
100 1 _aOliveira, S.B. de
110 1 _aSuperintendencia do Desenvolvimento da Pesca, Brasilia, DF (Brasil). Depto. de Aplicacao de Incentivos
_910066
245 1 _aOrgaos publicos e privados que atuam no campo da aquicultura, nas areas de pesquisa, fomento e cultivo comercial [Brasil]
260 3 _aBrasilia, DF (Brasil):
_c1984.
300 _a57 p.
650 _aAQUICULTURA
650 _aEMPRESA AGRICOLA
650 _aINSTITUICAO AGRICOLA
909 _a202309
_bLucia
_c55
_dLucia Elande
942 _cBK
999 _c36418
_d36418